Bandiere dei paesi che iniziano con B - Statistics

Statistiche generali
  • Questo quiz è stato fatto 103 volte
  • Il punteggio medio è 16 su 18
Statistiche sulle risposte
con Immagini Risposta % Corretto
Brasile
100%
Bangladesh
97%
Belgio
96%
Bosnia ed Erzegovina
95%
Bulgaria
95%
Bielorussia
94%
Barbados
91%
Botswana
91%
Bhutan
90%
Burkina Faso
90%
Burundi
89%
Bahamas
87%
Bolivia
86%
Brunei
86%
Bahrain
85%
Belize
85%
Birmania
85%
Benin
78%
Nessun quiz corrispondente trovato
Distribuzione punteggi
Percentuale di utenti per punteggio
Percentile per numero di risposta
I tuoi punteggi nel tempo
Non hai fatto questo quiz